First Pokémon by Type Combination: Electric - Statistics

General Stats
  • This quiz has been taken 59 times
    28 since last reset
  • The average score is 14 of 18
Answer Stats
Type Combination Pokédex # Pokémon Generation % Correct
Pure Electric 0025 Pikachu Kanto
100%
Electric / Bug 0595 Joltik Unova
86%
Electric / Steel 0081 Magnemite Kanto
86%
Electric / Grass 0100 Voltorb Hisui
86%
Electric / Ice 0479 Frost Rotom Sinnoh
82%
Electric / Fire 0479 Heat Rotom Sinnoh
82%
Electric / Ghost 0479 Rotom Sinnoh
82%
Electric / Flying 0145 Zapdos Kanto
82%
Electric / Dragon 0644 Zekrom Unova
82%
Electric / Water 0170 Chinchou Johto
77%
Electric / Rock 0074 Geodude Alola
77%
Electric / Fighting 0922 Pawmo Paldea
77%
Electric / Psychic 0026 Raichu Alola
77%
Electric / Poison 0848 Toxel Galar
77%
Electric / Normal 0694 Helioptile Alola
73%
Electric / Fairy 0702 Dedenne Kalos
68%
Electric / Ground 0618 Stunfisk Unova
68%
Electric / Dark 0877 Morpeko Galar
64%
No matching quizzes found
Score Distribution
Percent of People with Each Score
Percentile by Number Answered
Your Score History
You have not taken this quiz since the last reset